Engineering mechanics statics and dynamics (Record no. 5515)

MARC details
000 -LEADER
fixed length control field 00375nam a2200145Ia 4500
008 - FIXED-LENGTH DATA ELEMENTS--GENERAL INFORMATION
fixed length control field 150201s2013 xx 000 0 und d
082 ## - DEWEY DECIMAL CLASSIFICATION NUMBER
Classification number 620.1
Item number SHA
100 ## - MAIN ENTRY--PERSONAL NAME
Personal name Sharma,Irving H
245 ## - TITLE STATEMENT
Title Engineering mechanics statics and dynamics
250 ## - EDITION STATEMENT
Edition statement 4th Ed.
260 ## - PUBLICATION, DISTRIBUTION, ETC. (IMPRINT)
Name of publisher, distributor, etc. Pearson
Place of publication, distribution, etc. N.Delhi
Date of publication, distribution, etc. 2013
300 ## - PHYSICAL DESCRIPTION
Extent 840p.
700 ## - ADDED ENTRY--PERSONAL NAME
Personal name Rao, G. Krishna Mohana
942 ## - ADDED ENTRY ELEMENTS (KOHA)
Source of classification or shelving scheme Dewey Decimal Classification
Koha item type Books
Koha issues (borrowed), all copies 1
Holdings
Withdrawn status Lost status Source of classification or shelving scheme Damaged status Not for loan Home library Current library Date acquired SGTU Total Checkouts Full call number Barcode Date last seen Bill Date Koha item type Date last checked out
    Dewey Decimal Classification     SGT Engineering Library SGT Engineering Library 30/05/2013 SGTU   620.1 SHA FE5704 09/02/2015 09/02/2015 Books  
    Dewey Decimal Classification     SGT Engineering Library SGT Engineering Library 30/05/2013 SGTU 3 620.1 SHA FE5705 21/10/2024 09/02/2015 Books 21/10/2024
    Dewey Decimal Classification     SGT Engineering Library SGT Engineering Library 30/05/2013 SGTU 1 620.1 SHA FE5706 22/08/2019 09/02/2015 Books 12/08/2019